000 00871nam a2200265 a 4500
001 24696
003 CO-ViMGA
005 20230915232013.0
008 141112s2004 ck r 000 u spa d
020 _a8420757616
035 _aAFS9379 LA
040 _aCO-ViMGA
_bspa
_cCO-ViMGA
041 _aspa
043 _ae - gx - - -
082 0 4 _a833.8 P37s
100 1 _aPestum, Jo, 1936 -
_936825
245 1 0 _aEl Secreto de Heinrich /
_cJo Pestum ; traducción del alemán Rosa Pilar Blanco
260 _aMadrid :
_bAnaya,
_c1992.
300 _a121 p. : il. ; 19 cm.
490 _aColección Espacio abiero, 28
650 1 4 _aNovela juvenil alemana.
_929401
700 1 _aBlanco, Rosa Pilar, tr.
_936826
942 _2ddc
_cBK
999 _c32502
_d32502